| 000 | 00616nam a2200193 a 4500 | ||
|---|---|---|---|
| 001 | ASIN8130904233 | ||
| 005 | 20170105102847.0 | ||
| 008 | 130816s2007 xxu eng d | ||
| 020 | _a8130904233 (paperback) | ||
| 020 | _a9788130904238 (paperback) | ||
| 040 | _a0 | ||
| 082 | _a 355.033 | ||
| 100 | 1 | _aDombrowski, Peter. | |
| 245 | 1 | 0 |
_aGuns & butter : _bthe political economy of international security / _cPeter Dombrowski. |
| 260 |
_a[S.l.] : _bViva Books, _c2007. |
||
| 300 | _a1 v. (unpaged) | ||
| 856 | 4 | 0 |
_3Amazon.com _uhttp://www.amazon.com/exec/obidos/ASIN/8130904233/chopaconline-20 |
| 942 |
_2ddc _cBK |
||
| 999 |
_c14103 _d14103 |
||